Healthy Landscapes: An initiative for sustainable rural landscapes in Central Europe

Bibliographic Details
Main Authors: Húska, Dušan, 1935- (Author), Harold van Es (Author)
Format: Article
Language:English
ISBN:8071379409

MARC

LEADER 00000naa a2200000uu 4500
001 vtls010956559
003 SK-MaSNL
005 20260302130058.0
008 210909|2001 xo |||||||||||||||||eng|
015 |a SNBRA 
035 |a (urnnbn)urn:nbn:sk:snk:ar-a0bo4i 
035 |a (uuid)aa10e721-e947-4310-b018-e863e9360e7b 
035 |a urn:nbn:sk:snk-aaug0j 
040 |a SNKBUCL  |b slo  |c SNKBUCL  |e AACR2 
041 0 |a eng 
044 |a xo  |c SK 
100 1 |a Húska, Dušan,  |d 1935-  |4 aut  |9 119818 
245 1 0 |a Healthy Landscapes: An initiative for sustainable rural landscapes in Central Europe  |c Dušan Húska, Harold Van Es 
700 1 |a Harold van Es  |4 aut  |9 813832 
773 0 |t Environmental management of the rural landscape in central and Eastern Europe  |d Nitra : Slovak Agricultural University, 2001  |g S. 136-138  |z 8071379409 
958 |a OND 
958 |a article11 
958 |a chapter 
999 |c 1297238  |d 1299168